[路線図付き] 東急電鉄 世田谷線 駅名穴埋めクイズ - Statistics

General Stats
  • This quiz has been taken 677 times
  • The average score is 8 of 10
Answers on the Map
Answers color-coded by a green-red scale on the quiz's map according to % correct below.
 
Answer Stats
Answer % Correct
世田谷線 SG01 三軒茶屋
96%
世田谷線 SG10 下高井戸
91%
世田谷線 SG05 世田谷
86%
世田谷線 SG08 山下
76%
世田谷線 SG04 松陰神社前
75%
世田谷線 SG02 西太子堂
70%
世田谷線 SG09 松原
69%
世田谷線 SG03 若林
68%
世田谷線 SG06 上町
67%
世田谷線 SG07 宮の坂
61%
No matching quizzes found
Score Distribution
Percent of People with Each Score
Percentile by Number Answered
Your Score History
You have not taken this quiz